Capitales de provincias españolas - ¡Muerte súbita! - Estadísticas

Estadísticas generales
  • Esta prueba ha sido intentada 299 veces
    285 desde el último reinicio
  • La puntuación promedio es 15 de 28
Answers on the Grid
Answers color-coded by a green-red scale on the quiz's grid according to % correct below.
Alicante
Albacete
Almería
Ávila
Badajoz
Burgos
Cáceres
Castellón de la Plana
Ciudad Real
Cuenca
Guadalajara
Huelva
Huesca
Jaén
León
Lérida
Lugo
Murcia
Ourense
Palencia
Pontevedra
San Sebastián
Salamanca
Segovia
Soria
Teruel
Santander
Zamora
Avilés
Gijón
Badalona
Sabadell
Ferrol
Alcorcón
Cartagena
Gandia
Torrent
Vigo
Reus
Mérida
 
Estadísticas de respuestas
Respuesta % Correcto
Jaén
62%
Huelva
61%
Murcia
61%
Santander
61%
León
60%
Salamanca
59%
Almería
57%
Huesca
57%
Burgos
56%
Alicante
55%
Palencia
55%
Ávila
54%
Ciudad Real
54%
Cuenca
54%
Lugo
54%
Ourense
54%
Segovia
54%
Soria
54%
Teruel
53%
Zamora
53%
Guadalajara
52%
Albacete
51%
Lérida
51%
Cáceres
50%
Badajoz
49%
Pontevedra
49%
Castellón de la Plana
45%
San Sebastián
45%
No se encontraron pruebas coincidentes
Distribución de puntuación
Porcentaje de gente con cada puntuación
Porcentaje por número respondido
Historial de tus puntuaciones
No has intentado esta prueba desde el último reinicio